| 000 | 00000nam##2200000za#4500 |
| 001 | 9.699818 |
| 003 | CaOODSP |
| 005 | 20210625000543 |
| 007 | cr ||||||||||| |
| 008 | 150407|2014||||xxc|||||o f|0| 0 eng|d |
| 020 | |a978-1-100-24961-2 |
| 040 | |aCaOODSP|beng |
| 043 | |an-cn--- |
| 086 | 1 |aHP40-4/3-2014E-PDF |
| 110 | 2 |aPublic Health Agency of Canada. |
| 245 | 10|aSummary of key findings from I-Track Phase 3 (2010-2012) |h[electronic resource] |
| 260 | |aOttawa - Ontario : |bPublic Health Agency of Canada |cOctober 2014. |
| 300 | |a20p.|bmap, references, tables |
| 590 | |a15-05|b2015-01-30 |
| 690 | 07|aAIDS (disease)|2gcpds |
| 690 | 07|aHepatitis|2gcpds |
| 775 | 08|tRésumé des résultats clés de la phase 3 du système I-Track (2010 à 2012) |w(CaOODSP)9.643773 |
| 856 | 40|ahttp://publications.gc.ca|qPDF|s545 KB|uhttps://publications.gc.ca/collections/collection_2015/aspc-phac/HP40-4-3-2014-eng.pdf |
| 986 | |aPub.: 140274 |